| 000 | 00407nam a2200157Ia 4500 | ||
|---|---|---|---|
| 008 | 230917s9999||||xx |||||||||||||| ||und|| | ||
| 020 | _cRS180 | ||
| 040 |
_e32709 _aMAIN |
||
| 041 | _aEnglish | ||
| 082 | _a005.1 R137S | ||
| 100 | _aRajaraman, V ed | ||
| 245 | 0 | _aSoftware Technology: Challenges and opportunities | |
| 260 |
_aNew Delhi _bTata McGraw-Hill _c1993 |
||
| 300 | _axviii, 161 p. | ||
| 942 | _cBK | ||
| 999 |
_c77991 _d77991 |
||